The art show attacks!#n#9 / by Jack Chabert ; ... Read More
Available copies
- 1 of 1 copy available at LARL/NWRL Consortium.
Current holds
0 current holds with 1 total copy.
Show Only Available Copies
| Location | Call Number / Copy Notes | Barcode | Shelving Location | Status | Due Date |
|---|---|---|---|---|---|
| Godel Memorial-Warren Library | j CHA (Text) | 35500006204026 | Main | Available | - |
Record details
- ISBN: 9781338181975
- ISBN: 1338181971
- ISBN: 9781338181982
- ISBN: 133818198X
- Physical Description: 90 pages : illustrations ; 21 cm.
- Edition: First edition.
- Publisher: New York : Branches/Scholastic Inc., 2018.
Content descriptions
| Summary, etc.: | Sam is working on making a clay dinosaur for the ... Read More |
Search for related items by subject
| Genre: | Horror fiction. |
Search for related items by series
| LDR | 02009cam a22004938i 4500 | ||
|---|---|---|---|
| 001 | 327127 | ||
| 003 | LARL_NWRL_CONSORTIUM | ||
| 005 | 20190820164445.0 | ||
| 008 | 180110s2018 nyua b 000 1 eng c | ||
| 010 | . | ‡a2018000609 | |
| 020 | . | ‡a9781338181975 ‡q(paperback) | |
| 020 | . | ‡a1338181971 ‡q(paperback) | |
| 020 | . | ‡a9781338181982 ‡q(hardcover) | |
| 020 | . | ‡a133818198X ‡q(hardcover) | |
| 035 | . | ‡a(OCoLC)1019856867 | |
| 040 | . | ‡aNJQ/DLC ‡beng ‡erda ‡cDLC ‡dOCLCF ‡dOCLCO ‡dOCLCQ ‡dOCLCO ‡dOCLCA ‡dMLY ‡dE9T ‡dUAP ‡dGZD | |
| 042 | . | ‡alcac ‡apcc | |
| 082 | 0 | 4. | ‡a813.6 ‡aFic ‡223 |
| 099 | . | ‡aINT | |
| 100 | 1 | . | ‡aChabert, Jack, ‡eauthor. |
| 245 | 1 | 4. | ‡aThe art show attacks!#n#9 / ‡cby Jack Chabert ; illustrated by Matt Loveridge ; based on the art of Sam Ricks. |
| 250 | . | ‡aFirst edition. | |
| 264 | 1. | ‡aNew York : ‡bBranches/Scholastic Inc., ‡c2018. | |
| 300 | . | ‡a90 pages : ‡billustrations ; ‡c21 cm. | |
| 336 | . | ‡atext ‡btxt ‡2rdacontent | |
| 336 | . | ‡astill image ‡bsti ‡2rdacontent | |
| 337 | . | ‡aunmediated ‡bn ‡2rdamedia | |
| 338 | . | ‡avolume ‡bnc ‡2rdacarrier | |
| 490 | 0 | . | ‡aEerie Elementary ; ‡v9 |
| 520 | . | ‡aSam is working on making a clay dinosaur for the school art show and sale when the clay suddenly comes to life and attacks him, a sure sign that once again Orson Eerie, whose spirit inhabits the school, is up to something--and it is up to Sam, Antonio, and Lucy, to discover how a self-portrait of Orson figures into his evil plan. | |
| 650 | 0. | ‡aHaunted schools ‡vJuvenile fiction. | |
| 650 | 0. | ‡aArt ‡xExhibitions ‡vJuvenile fiction. | |
| 650 | 0. | ‡aSelf-portraits ‡vJuvenile fiction. | |
| 650 | 0. | ‡aElementary schools ‡vJuvenile fiction. | |
| 650 | 0. | ‡aBest friends ‡vJuvenile fiction. ‡0(LARL_NWRL_CONSORTIUM)170952 | |
| 650 | 0. | ‡aHorror tales. ‡0(LARL_NWRL_CONSORTIUM)22375 | |
| 650 | 0. | ‡aPainting ‡vJuvenile fiction. | |
| 650 | 0. | ‡aSchools ‡vJuvenile fiction. ‡0(LARL_NWRL_CONSORTIUM)167227 | |
| 650 | 0. | ‡aFriendship ‡vJuvenile fiction. ‡0(LARL_NWRL_CONSORTIUM)164914 | |
| 655 | 7. | ‡aHorror fiction. ‡2lcgft | |
| 700 | 1 | . | ‡aLoveridge, Matt, ‡eillustrator. |
| 901 | . | ‡a327127 ‡b ‡c327127 ‡tbiblio | |

Add to basket
Permalink
Disable Highlighting